[Event "Corus Wijk aan Zee"]
[Site " Wijk aan Zee"]
[Date "2007.01.15"]
[Round "3"]
[White "GM van Wely, Loek (NED)"]
[Black "GM Motylev, Alexander(RUS)"]
[Result "1/2-1/2"]
[WhiteElo "2683"]
[BlackElo "2647"]
[Annotator "Âàñèëèé Ëåáåäåâ"]
[PlyCount "106"]
[EventDate "2007.01.??"]
[EventType "tourn"]
[EventCountry "NED"]
[EventCategory "19"]
[Source "CrestBook.com"]

{Òåéìóð è åãî «ñòàðîèíäèéñêàÿ» êîìàíäà ñíîâà ïîáåæäàþò!    Òðåòèé òóð
âûäàëñÿ íå ìåíåå áîåâûì, ÷åì ïðåäûäóùèé, íî íå ñòàë òàêèì æå ðåçóëüòàòèâíûì.
Ðàäæàáîâ ïðîñòî ñòðàøåí ÷¸ðíûìè - îñîáåííî â êîðîííîé «ñòàðîèíäèéêå»!
Ñìåëûì ñîïóòñòâóåò óäà÷à, è àçåðáàéäæàíåö ïîñëå òð,õ äíåé áîðüáû åäèíîëè÷íî
âîçãëàâèë òóðíèðíóþ òàáëèöó.    À íîðâåæñêèé Ìàëûø, ïîõîæå, íèêàê íå
èçáàâèòñÿ îò õðîíè÷åñêîé áîëåçíè - ëÿïñóñîâ ïðè äîìàøíåé ïîäãîòîâêå. Ñåðü,
çíîé áîðüáû ñ Ïîíîìàðåâûì ó íåãî íå âûøëî... Åñòü ó ìåíÿ îäíî ïðåäëîæåíèå -
íà÷èíàòü âñå òóðû ñ ïàðòèé Àëåêñàíäðà Ìîòûë,âà - âîò óæ ó êîãî è äåáþòíàÿ
ïîäãîòîâêà íà óðîâíå è äîñêà âñåãäà «ãîðèò»:} 1. c4 e5 2. g3 Nf6 3. Bg2 d5 4.
cxd5 Nxd5 5. Nc3 Nb6 6. Nf3 Nc6 7. O-O Be7 8. a3 {Âû çíàåòå, êòî èãðàë ýòî
âàðèàíò (â ìîåé áàçå ñåé÷àñ 929 òàêèõ ïàðòèé) áåëûìè? Íå èìåíà, à ìóçûêà
øàõìàò! Êåðåñ, Áîòâèííèê, Ðåøåâñêèé, Ëàðñåí, Òèììàí, Õþáíåð, Êàñïàðîâ, Êàðïîâ,
Êðàìíèê, Ïîðòèø, Èâàí÷óê, Êîð÷íîé...  Ñòàëî áûòü, â ýòîé «ñèöèëèàíêå» â
ïåðâîé ðóêè ÷òî-òî åñòü...} Be6 9. d3 f5 10. b4 Bf6 11. e4 O-O 12. exf5 Bxf5
13. Ne4 Kh8 14. b5 Bxe4 {
Áèòü êîíÿ íàäî. Íåîáõîäèìî çàêðûòü îáçîð êîðîëåâñêîìó ñëîíó áåëûõ.} ({Ïëîõî} 
14... Nd4 15. Nxd4 exd4 16. Nxf6 Qxf6 17. Bxb7) 15. dxe4 Nd4 16. Nxd4 exd4 17.
e5 $5 ({Ïîñëå, íà ïåðâûé âçãëÿä, «àíòèïîçèöèîííîãî»} 17. Qd3 $5 Nd7 {
ïëîõîãî áëîêåðà ñãîíÿåò ñ íàñèæåííîãî ìåñòà õîðîøèé áëîêåð. Òàê? À åñëè
«ïîäóìàòü» (ðûáêîé)?} 18. f4 Nc5 ({ëó÷øå ó áåëûõ è ïîñëå} 18... a6 19. Bb2
axb5 20. e5) 19. Qc4 Be7 20. Rd1 a6 21. bxa6 ({ñëàáåå} 21. Rxd4 axb5 22. Qc3
Na4 23. Rxd8 Nxc3) 21... Rxa6 22. Rxd4 Ra4 23. Qxa4 Nxa4 24. Rxd8 Bc5+ 25. Kf1
Rxd8 {îñòàâàÿñü ñ ëèøíåé ïåøêîé è äâóìÿ ñëîíàìè.}) 17... Bxe5 18. Bxb7 Rb8 19.
Be4 Nd5 {Êàêîé îäíàêî æèâîïèñíûé êâàäðàòèê íàðèñîâàëñÿ â öåíòðå äîñêè
ñîâìåñòíûìè óñèëèÿìè!} 20. Qd3 ({Ïîïðîáóåì ïîêîìáèíèðîâàòü:} 20. Bxh7 Kxh7 ({
íî íå} 20... Bxg3 $2 21. Bc2 $1 Bxh2+ 22. Kxh2 Qh4+ 23. Kg2 Nc3 24. Qd3 $18)
21. Qh5+ Kg8 22. Qxe5 Nc3 23. Qe6+ {, è ëèøíþþ ïåøêó áåëûå âñ¸ æå ñîõðàíÿþò.
}) 20... g6 21. Bh6 Re8 22. Rfe1 Qd6 23. Qc4 Nc3 {
×¸ðíûé òðåóãîëüíèê c7-d6-e5-d4-c3 âûãëÿäèò âåñüìà èìïîçàíòíî!} 24. Bc6 Red8 ({
«Àãðåññèâíîå»} 24... d3 $2 25. Bxe8 Ne2+ 26. Rxe2 $1 dxe2 27. Re1 $1 Rxe8 28.
Qxe2 {ìàëî òîãî, ÷òî îñòàâëÿëî ÷¸ðíûõ áåç ïåøêè è ñ îäíîöâåòíûìè ñëîíàìè...
Îíè åù¸ è ïîä ì,ðòâóþ ñâÿçêó ïîïàäàëè!} Qe7 {(ãðîçèëî 29.Bf4)} 29. Bd2 Bf6 30.
Qf3) 25. Kg2 {Âèäèìî, ïðîìåäëåíèå, óïóñêàþùåå ÷àñòü ïåðåâåñà.} ({
Ïðîÿâèòü àãðåññèþ ìîãëè è áåëûå, ïðè÷,ì, ñ ãîðàçäî áîëüøèì îñíîâàíèåì -} 25.
f4 $1 Bg7 (25... Bf6 26. Re6) (25... g5 26. Bxg5) 26. Bxg7+ Kxg7 27. Re6 Qf8
28. Rae1 {è ïðåèìóùåñòâî áåëûõ (âèçóàëüíî) êàæåòñÿ ïðîñòî-òàêè ãðîìàäíûì.} {
Íàïðèìåð,} Kh6 (28... Qxa3 $4 29. Re7+ Kh6 30. Qf7) 29. Re7 Qf5 30. a4 ({ñëàáåå
} 30. Rxc7 $6 Nxb5) 30... a6 {
õîòü êàêàÿ-òî êîíñòðóêòèâíàÿ èäåÿ: ïîäðûâàòü áåëûå ïåøå÷íûå öåïè.} 31. Bf3 $1
{è ïëîõî} axb5 $2 32. Qxc7 $18) 25... d3 $1 {
Íåìåäëåííî, èñïîëüçóÿ ïîäâåðíóâøèéñÿ êîíòðøàíñ.} 26. Bf4 $6 {
À âîò ýòî óæå íåòî÷íîñòü.} ({Ãîðàçäî ñèëüíåå} 26. Be3) 26... Ne2 27. Be3 $2 ({
Ïîñëå} 27. Bxe5+ {
àòàêîâàòü íà÷èíàëè ÷¸ðíûå, íî âñ¸ â êîíöå êîíöîâ óðàâíèâàëîñü:} Qxe5 28. Rad1
Rd4 29. Qf7 Qd6 {è òîãî è ãëÿäè êàêàÿ-íèáóäü êîìáèíàöèîííàÿ âñïûøêà ïðîèçîéä,ò:
} 30. Bf3 (30. f4 $5) 30... Rf8 31. Qb3 Rxf3 (31... Nc1 $5 {ñ "èäååé"} 32. Rxc1
$4 d2) 32. Kxf3 Qe5 33. Kg2 d2 34. Rxe2 Qxe2 35. Qf3 Qxf3+ 36. Kxf3 Rd3+ 37.
Ke4 Rxa3 38. Rxd2 Rb3 $11) 27... Bd4 ({
Òàê, äàâàéòå ïîïðîáóåì ðàçîáðàòüñÿ, ïî÷åìó íåëüçÿ çàáðàòü ëàäüþ?} 27... Bxa1
28. Rxa1 Nd4 $1 {ßñíî, ÷òî åñëè âûëîâèòü îäíîãî ñëîíà íà ðàçìåí, ó ÷¸ðíûõ
ñðàçó æå ñòàíåò ïîëó÷øå.} 29. Bf4 $1 ({ïîñëå} 29. Qxd3 Nxc6 {
ôåðçè ðàçìåíèâàþòñÿ}) (29. Qc3 Qe5 30. Bf4 Qg7 31. Re1 Nxc6 32. Qxc6 Qf7 33.
Bxc7 Rbc8 $19) 29... Qf6 30. Qc3 Rf8 31. Rd1 Nxc6 32. Qxc6 Qxc6+ 33. bxc6 Rb6
34. Rxd3 ({íà} 34. Rc1 {ÿ áû ïîøåë} Rxf4 $1 35. gxf4 Rxc6 $1 {
è áóäü ÷òî áóäåò!}) 34... Rxc6 {è ò.ä. Öåéòíîò?}) 28. Qxd3 Bxa1 29. Qxd6 Rxd6
30. Rxe2 a6 $1 31. Bf4 axb5 $1 {
Êîíå÷íî, óâëåêàòüñÿ óäåðæàíèåì ìàòåðèàëà íå ñòîèò.} 32. Bxd6 {
Óôô! Áóäåò ðàçíîöâåò!} cxd6 33. Rd2 Rb6 34. Rxd6 Bb2 35. a4 bxa4 36. Rd8+ Kg7
37. Rd7+ Kh8 38. Bxa4 {Íè÷üÿ? Áèòàÿ? Ðàçíîöâåòíàÿ!  Ïîõîæå ÷òî òàê... íî
ìó÷àòü ñîïåðíèêà ñ ëèøíåé ïåøêîé êàæäûé âïðàâå ñêîëüêî óãîäíî âðåìåíè.} Rb4
39. Bc6 Bd4 40. h4 Bc5 41. Rf7 Rd4 42. Kh3 Kg8 43. Rc7 Rd6 44. Bb5 $2 {
À òåïåðü ïîçèöèÿ ñòàíîâèòñÿ âñ¸ "íè÷åéíåå".} ({Ïðîäîëæàëî áîðüáó} 44. Rc8+ Kg7
45. f4) 44... Bxf2 45. Bc4+ Kh8 46. Rc8+ Kg7 47. Rc7+ Kh8 48. Rc8+ Kg7 49. Rg8+
Kh6 ({Òóò âàì íå áëèö. Òóò âàì Âåéê! È} 49... Kf6 $4 50. Rf8+ {
íå ñûãðàåòñÿ íèêîãäà!}) 50. g4 Be3 51. g5+ Bxg5 ({Íó, à âäðóã êàê ïîñëå} 51...
Kh5 $4 {äà è ïðèâàëèò «ùàñòå»:} 52. Be2# {Ùàççç!}) 52. hxg5+ Kxg5 53. Rg7 Rc6
{gameéíàÿ ïîçèöèÿ «äîíè÷åèëàñü» äî ïîëíîé «íè÷åéíîñòè»!} 1/2-1/2

[Event "Corus Wijk aan Zee"]
[Site " Wijk aan Zee"]
[Date "2007.01.15"]
[Round "3"]
[White "GM Karjakin, Sergey (UKR)"]
[Black "GM Topalov, Veselin (BUL)"]
[Result "1/2-1/2"]
[WhiteElo "2678"]
[BlackElo "2783"]
[Annotator "Ðîìàí Äîáðîíîâñêèé "]
[PlyCount "107"]
[EventDate "2007.01.??"]
[EventType "tourn"]
[EventCountry "NED"]
[EventCategory "19"]
[Source "CrestBook.com"]

1. e4 c5 2. Nf3 d6 3. d4 cxd4 4. Nxd4 Nf6 5. Nc3 a6 {Ýòó ïîçèöèþ îáà
ñîïåðíèêà ñ óäîâîëüñòâèåì èãðàþò çà îáà öâåòà, ïðè÷åì èçáèðàþò îáû÷íî
íàèáîëåå àêòóàëüíûå è ñëîæíûå âàðèàíòû, ñîçäàâàÿ òó ñàìóþ «òåîðèþ», íà
êîòîðóþ ïîòîì óæå   èåíòèðóþòñÿ âñå îñòàëüíûå øàõìàòèñòû.} 6. Be3 e5 7. Nb3
Be6 8. f3 h5 {Ñàìûé ðàäèêàëüíûé ñïîñîá âîñïðåïÿòñòâîâàòü õîäó g2-g4. Â íàøåì
ñëó÷àå ýòî ïðîäîëæåíèå èíòåðåñíî åù¸ è òåì, òî îíî ðàíåå âñòðå÷àëîñü â
ïàðòèÿõ îáîèõ ïðîòèâíèêîâ. Ñåðãåé îäåðæàë  åñêîëüêî ïîáåä (â òîì ÷èñëå íàä
ñàìèì Áîëîãàíîì â 2003), à ó Òîïàëîâà ñëåäóåò âûäåëèòü äâå íè÷üè - ñ Ãðèùóêîì
è Ëåêî (íà íåäàâíåì òóðíèðå â Ìîíàêî-2006). Òàê ÷òî, ïîäîçðåâàþ, ó Êàðÿêèíà
åñòü, ÷òî ïðåäñòàâèòü øèðîêîé ïóáëèêå.} 9. Qd2 {Îñíîâíîå ïðîäîëæåíèå.} Nbd7
10. O-O-O Be7 ({Äðóãàÿ ïîïóëÿðíàÿ âåòêà -} 10... Rc8) 11. Kb1 Qc7 12. h3 b5 13.
Bd3 h4 14. f4 Rc8 (14... Nb6 15. Bxb6 Qxb6 16. Rhe1 Bd7 (16... O-O {
Najer,E-Karjakin,S/bereg.ru Int 2003 1-0}) 17. fxe5 dxe5 18. Nd5 Nxd5 19. exd5
Qd6 20. Qe2 f6 21. Bg6+ Kd8 22. Na5 Kc7 23. c4 Kb6 24. Nc6 Bxc6 25. dxc6 Qe6
26. Rd7 Rab8 27. cxb5 axb5 28. Qe4 Bc5 29. Rxg7 Qxc6 30. Qxc6+ Kxc6 31. Rf1 {
Pavlov,M-Karjakin,S/Alushta 2002 0-1}) 15. Rhe1 g6 $6 $146 {Ñîãëàñíî ìîåé áàçå
- íîâèíêà, ïðè÷åì, ñóäÿ ïî äàëüíåéøèì ñîáûòèÿì, îòíþäü íå ýòàëîí äëÿ
ïîäðàæàíèÿ.} ({Ðàíåå èãðàëè îáû÷íî} 15... Bc4 $5 {
ïðè÷,ì, íà äîñòàòî÷íî ñåðü¸çíîì óðîâíå è ñ õîðîøèìè äëÿ ÷¸ðíûõ ðåçóëüòàòàìè.
}) 16. Qf2 $1 {Òèïîâîé ïðè,ì - áåëûå ïðåäóïðåæäàþò ìàíåâð Kd7-b6. Òðóäíî
ñêàçàòü, ÷òî èìåë â âèäó áîëãàðèí, èäÿ íà ýòó ïîçèöèþ. Ñòîÿòü êîðîë,ì â
öåíòðå ñòðàøíî, à ðîêèðîâàòü åù¸ ñòðàøíåå - ñðàçó âñïîìèíàþòñÿ 13-é è 15-é
õîäû ÷¸ðíûõ, êîòîðûå òåïåðü òàê è ïîäìûâàåò íàçâàòü «íåîñòîðîæíûìè».} Qb7 {
×¸ðíûå ãîòîâÿò æåðòâó êà÷åñòâà íà ñ3.} 17. Na5 $5 {Ñâîåîáðàçíàÿ ïðîâåðêà.} ({
Õîòÿ íå âèäíî ÿâíûõ ïðîòèâîïîêàçàíèé è ïðîòèâ íåìåäëåííîãî} 17. f5 $5 {
, ïîñêîëüêó íà} Bxb3 18. axb3 Rxc3 19. bxc3 Nxe4 20. Bxe4 Qxe4 {î÷åíü ñèëüíî}
21. f6 $1) 17... Qb8 ({Õì, áîåâîé õàðàêòåð - ýòî çäîðîâî, íî ïî÷åìó Âåñåëèí
íå âåðíóëñÿ ôåðç,ì íà ñ7? ×òî äåëàë áû Êàðÿêèí ïîñëå} 17... Qc7 {? Èíòåðåñíûé
âîïðîñ... Ñòûäíî òàêîå äàæå ïðåäïîëàãàòü, íî ïîäîçðåâàþ, ÷òî ïðîñòî âåðíóëñÿ
áû êîí¸ì íàçàä -} 18. Nb3 ({Ïîñêîëüêó íå âûçûâàåò äîâåðèÿ êàê} 18. f5 gxf5 19.
exf5 Bxa2+ 20. Nxa2 Qxa5) ({òàê è} 18. fxe5 Qxa5 19. exf6 Rxc3 $1)) ({
Êñòàòè, îòìå÷ó, ÷òî äîñòàòî÷íî ïëîõî äëÿ ÷¸ðíûõ} 17... Qa8 18. f5 gxf5 19.
exf5 Bd5 20. Nxd5 Qxd5 21. Be2 {ñ áåñïëàòíîé èíèöèàòèâîé «áëåäíîëèöûõ».}) 18.
f5 {Òåïåðü æå áåëûå àòàêóþò ñî âñåìè óäîáñòâàìè ïðè ïîëíîì îòñóòñòâèè
êîíòðèãðû ó ñîïåðíèêà.} gxf5 19. exf5 Bc4 20. Nxc4 bxc4 21. Be4 ({
Íåïëîõî è áîëåå ñëîæíîå} 21. Be2) 21... Nxe4 22. Nxe4 Nf6 {×¸ðíûì î÷åíü
ñëîæíî ÷òî-òî ïîñîâåòîâàòü. Âåñåëèí ñðàæàåòñÿ â äàëüíåéøåì èçî âñåõ ñèë, íî
ñïàñòè òàêóþ ïîçèöèþ áåç ïîìîùè ñîïåðíèêà íåâîçìîæíî.} 23. Qf3 Qc7 24. Nc3
Rg8 ({Áåäà ÷¸ðíûõ åù¸ è â òîì, ÷òî ñòàíäàðòíûé ìåòîä çàùèòû â õóäøèõ
ïîçèöèÿõ (óïðîùåíèå ïîçèöèè) çäåñü íåïðèìåíèì ââèäó ñëàáîñòè ÷¸ðíûõ ïåøåê è
áåëîïîëüíîé ïåðèôåðèè. Íàïðèìåð, íà} 24... Qc6 $5 {âîçìîæíî ïðîñòîå} 25. Bg5
Qxf3 26. gxf3 Rc6 27. Bxf6 Bxf6 28. Nd5) 25. Bf2 $1 {Íåïîñðåäñòâåííî ïîñòàâèòü
ìàò ïîêà íåëüçÿ, è áåëûå ïåðåõîäÿò ê ìåòîäè÷íîé îñàäå ïåøå÷íûõ ñëàáîñòåé.
Ïîñëå ðàçìåíà êîíåé ñ ïîñëåäóþùèì Rå4 áåëûå çàáåðóò ïîêà ïåøêó h4, à çàòåì,
âîçìîæíî, âñïîìíÿò è îá àòàêå íà âðàæåñêîãî êîðîëÿ.} Rh8 ({Ïëîõî} 25... Qc6 26.
Bxh4 Rxg2 27. Qf1 {, è ïîñëå ðàçìåíà íà f6 áåëûå ïîáåæäàþò ñðàçó.}) 26. Nd5
Nxd5 27. Rxd5 f6 {Âûãëÿäèò óæàñíî, íî èíîãî íåò.} ({Íåëüçÿ} 27... Qb7 28. Rdxe5
) ({Ïðîòèâîïîêàçàíî è} 27... Rg8 28. f6 Bf8 29. Bd4 Rg5 30. g3 $1 ({
âûèãðûâàåò è} 30. Qf4) 30... hxg3 (30... Rxg3 31. Qf5 c3 32. Bxe5) (30... c3
31. gxh4) 31. h4) 28. Re4 Rb8 29. Rxh4 $6 {Óêðàèíñêèé ãðîññìåéñòåð èãðàåò
ïðåäåëüíî ïðîñòî, âèäèìî, îïàñàÿñü âûïóñòèòü òàêîé âêóñíûé òðîôåé. Â ïðèíöèïå,
ýòîãî äîëæíî õâàòèòü äëÿ ïîáåäû, íî, ïî-ìîåìó, èìåííî çäåñü Êàðÿêèí íà÷èíàåò
äåëàòü íåëó÷øèå õîäû.} ({
Ïîñëåäíèì õîäîì ÷¸ðíûå ïîñòàâèëè íåìóäð,ííóþ ëîâóøêó. Íàïðèìåð, íà} 29. Bxh4
{ïîñëåäóåò «âèëêà» -} Qb7) ({Ìîæíî áûëî ïîéòè ïîêà} 29. Rg4 {, íå ìåíÿÿ ïîêà
ñâîþ àêòèâíóþ ëàäüþ è îòðàæàÿ âñå «íàèâíûå» óãðîçû ÷¸ðíûõ. À ïåøêó ìîæíî
âçÿòü ñëîíîì!}) 29... Rxh4 30. Bxh4 Qb7 31. b3 Kd7 $1 {×¸ðíûå íåìíîãî
óïëîòíèëèñü, ïîìåíÿëè ïàññèâíóþ ëàäüþ è æäóò íîâûõ ïîäàðêîâ ñóäüáû.} 32. Be1
Qc6 33. h4 Rc8 {Êîñâåííî óãðîæàÿ ïóíêòó ñ2.} 34. Qd1 Rg8 35. g3 Bf8 {Èçó÷àÿ ýò
ó ñåðèþ õîäîâ ñëåäóåò ïîìíèòü, ÷òî óæå çäåñü Ñåðãåÿ ñåðü¸çíî ïîäæèìàëî âðåìÿ.
Î÷åâèäíî, ÷òî ÷¸ðíûì íåñêîëüêî ïîëåã÷àëî...} 36. Bf2 Bh6 37. Bc5 Bf8 38.
Bf2 Bh6 39. Rc5 Qg2 40. Be1 {Óô-ô! Ïðîñêî÷èëè. Áåëûå âûïîëíèëè ñâîþ ãëàâíóþ
çàäà÷ó - ñîõðàíèëè ëèøíþþ ïåøêó, íå óðîíèâ ôëàã.} ({
Âåðíóòüñÿ íàçàä ëàäü,é, «óñèëèâ» ïîçèöèþ, ê ñîæàëåíèþ, íåëüçÿ -} 40. Rd5
Qxf2 41. Rxd6+ Kc7 42. Rxf6 Bd2 $1 {
è ó áåëûõ ìîæåò íå îêàçàòüñÿ äàæå âå÷íîãî øàõà.}) 40... cxb3 41. axb3 Bd2 42.
Rc4 d5 43. Ra4 ({Ïîíà÷àëó Ðûáêà ïðåäëàãàåò áîåâèòîå} 43. Qh5 {
â êà÷åñòâå ïåðâîé ëèíèè, íî ïîñòåïåííî îäóìûâàåòñÿ -} dxc4 44. Qf7+ Kd6 45.
Qxf6+ Kc5 46. Qxe5+ Qd5 47. Qc7+ Kd4 48. Bxd2 cxb3 49. Qc3+ Ke4 50. f6 bxc2+ {
- Êàðÿêèí, ñêîðåå âñåãî, âñåãî ýòîãî äàæå íå ñ÷èòàë.}) 43... Bxe1 44. Qxe1
Rxg3 {×¸ðíûå íà ìãíîâåíèå äàæå âîññòàíîâèëè ìàòåðèàëüíîå ðàâåíñòâî.} 45. Rxa6
Qg1 $1 {Ñðî÷íî â «ëàäåéíèê»!} 46. Qxg1 Rxg1+ 47. Kb2 Ke7 48. Re6+ $1 ({
Íå âåðüòå êîìïüþòåðó, âûèãðûø åù¸ îäíîé ïåøêè áåëûì ïðîòèâîïîêàçàí -} 48. Ra7+
Kd6 49. Rf7 e4 50. Rxf6+ Ke5 {- ñ òàêèì àêòèâíûì êîðîë,ì è ñèëüíîé ïðîõîäíîé
÷¸ðíûå ëåãêî äåëàþò íè÷üþ. Äåëî âåäü íå â ìàòåðèàëå - âåäü 3 áåëûå ïåøêè
íå ìîãóò èäòè â ôåðçè îäíîâðåìåííî.}) 48... Kf7 49. Rd6 e4 ({
Ïðîèãðûâàåò áîëåå åñòåñòâåííîå} 49... d4 50. b4 Rf1 51. Rd7+ $1 {(îòãîíÿÿ ÷,
ðíîãî êîðîëÿ íà 8-þ ãîðèçîíòàëü, êîòîðàÿ âñêîðå ïîíàäîáèòñÿ ÷¸ðíîé ëàäüå)}
Ke8 52. Rd5 {.  È òåïåðü:  A) Íà ïåðâûé âçãëÿä óïîðíåå} Rh1 {
, ëèøàÿ áåëûõ âàæíîãî êîçûðÿ - âòîðîé ïðîõîäíîé. Íî} 53. b5 Rxh4 54. b6 Ke7 55.
c4 dxc3+ 56. Kxc3 Rh8 57. Kc4 Rd8 (57... Rb8 58. Kc5 Rc8+ 59. Kb5) 58. b7 Rb8
59. Rb5 Kd6 60. Rb6+ Kc7 61. Rxf6 Kxb7 (61... Rxb7 62. Rf7+) 62. Kd5 {
- è ÷¸ðíûå íå óñïåâàþò ïîñòðîèòü ïîçèöèþ Ôèëèäîðà.}) ({Á) (ïîñëå} 49... d4
50. b4 Rf1 51. Rd7+ $1 Ke8 52. Rd5 {)} Rxf5 53. b5 Rh5 54. b6 Ke7 55. b7 Rh8
56. Rb5 Rb8 57. Kb3 {Áåëûé êîðîëü èä,ò, â çàâèñèìîñòè îò äåéñòâèé ÷¸ðíûõ, èëè
íà êîðîëåâñêèé ôëàíã èëè ê ñâîåé ïðîõîäíîé. È ïðèäåðæèâàåò çàîäíî ïðîõîäíûå
ïåøêè ñîïåðíèêà...} ({âûèãðûâàåò, íàâåðíîå, è áîëåå ðåøèòåëüíîå} 57. h5 {
, íî õîä êîðîë,ì áîëüøå ñîîòâåòñòâóåò êàíîíàì ýíäøïèëÿ}) 57... Kd6 (57... e4
58. Kc4 e3 59. Kd3 f5 60. h5) 58. h5 {ñ ïîáåäîé.}) 50. Kc3 Rf1 51. Rd7+ Kf8 52.
Rd8+ {Ïîâòîðåíèå õîäîâ - ðàçóìååòñÿ, äëÿ âûèãðûøà âðåìåíè.} ({Âûèãðûâàëî} 52.
b4 $1 {A)} e3 53. Kd3 Ke8 54. Rd6 Rxf5 55. Kxe3 Ke7 56. Rb6 Rh5 57. Kd4 Rxh4+
58. Kxd5 Rh5+ 59. Ke4 Rh4+ 60. Kd3 Rh3+ 61. Kc4 Rh2 62. c3 f5 {
Ýòà ïîçèöèÿ åù¸ íå òàê ïðîñòà , êàê êàæåòñÿ, íî ïîñëå òî÷íîãî} 63. Rg6 $1 {
áåëûå, è íå ïðîïóñòèâ ïåøêó «f» íà âòîðóþ ãîðèçîíòàëü, äîëæíû, ïî-âèäèìîìó,
ïîáåäèòü} ({Ñëîæíîñòè áåëûõ èëëþñòðèðóåò, íàïðèìåð, âàðèàíò} 63. b5 $2 f4 64.
Ra6 f3 65. Ra1 Kd6 66. Rf1 f2 {è î âûèãðûøå ìå÷òàòü óæå íå ïðèõîäèòñÿ})) ({
À åñëè (ïîñëå} 52. b4 $1 {) Á)} Rxf5 53. b5 d4+ {, òî} 54. Kc4 $1 Rf2 ({èëè} 
54... e3 55. b6 Re5 (55... e2 56. b7 e1=Q 57. b8=Q+ Qe8 58. Rd8) (55... Ke8 56.
Rh7 Rf1 57. b7 Rb1 58. b8=Q+ $1) 56. b7 Re8 57. Rh7 Kg8 58. Re7 $1) 55. b6
Rxc2+ 56. Kb3 Rc3+ (56... Rc8 57. b7 Rb8 58. Rc7) 57. Kb4 Rc1 58. b7) 52... Kf7
53. Rd7+ Kf8 54. Rd8+ {ÍÈ×Üß!  Êàê æå òàê?? Óâû è àõ! Íî íå çíàÿ õðîíîìåòðàæà
ïàðòèè, íå áåðó íà ñåáÿ ñìåëîñòü îñóæäàòü Ñåðãåÿ çà ïðèíÿòîå èì ðåøåíèå
ôîðñèðîâàòü íè÷üþ, íî...  Ñîâåðøåííî î÷åâèäíî, ÷òî äàæå åñëè â âàðèàíòå 54.
b4! ÷¸ðíûå êàêèì-òî ýòþäíûì ïóò¸ì è äåëàþò íè÷üþ, òî òàê ñëåäîâàëî
èãðàòü! Âåäü áåëûå àáñîëþòíî íè÷åì íå ðèñêóþò. Ïðåäñòàâëÿþ, êàê îáèäíî
áûëî Ñåðãåþ âûïóñòèòü òàêóþ êðóïíóþ «äè÷ü»...} 1/2-1/2

[Event "Corus Wijk aan Zee"]
[Site " Wijk aan Zee"]
[Date "2007.01.15"]
[Round "3"]
[White "GM Shirov, , Alexei (ESP)"]
[Black "GM Radjabov, Teimour (AZE) "]
[Result "0-1"]
[WhiteElo "2715"]
[BlackElo "2729"]
[Annotator "Ðîìàí Âèëÿâèí "]
[PlyCount "94"]
[EventDate "2007.01.??"]
[EventType "tourn"]
[EventCountry "NED"]
[EventCategory "19"]
[Source "CrestBook.com"]

1. d4 Nf6 2. c4 g6 3. Nc3 Bg7 4. e4 d6 5. Be2 O-O 6. Nf3 e5 7. O-O Nc6 8. d5
Ne7 9. b4 {Ïîñìîòðèì, êàê áóäåò òðàêòîâàòü âàðèàíò Òàéìàíîâà Àëåêñåé Øèðîâ.
Íàâåðíÿêà äåáþòíûå èòîãè â ïàðòèè Âàí Âåëè - Ðàäæàáîâ èç ïåðâîãî òóðà åãî íå
óñòðàèâàþò, à ýòî çíà÷èò, ÷òî íàñ áóäåò æäàòü óñèëåíèå!} Nh5 10. Re1 f5 11.
Ng5 Nf6 12. f3 Kh8 13. Ne6 Bxe6 14. dxe6 Nh5 15. g3 Bf6 16. c5 {Ïîêà ïàðòí,ðû
èäóò ïðîòîðåííîé äîðîæêîé. Ïî ïîâîäó äåáþòíîé ÷àñòè ïîâòîðÿòüñÿ íå áóäåì -
ñìîòðèòå ïàðòèþ Âàí Âåëè - Ðàäæàáîâ èç ïåðâîãî òóðà.} f4 {#} 17. Kg2 $5 {
×òî è ãîâîðèòü - ïðèÿòíî, êîãäà òâîè äåáþòíûå ðåêîìåíäàöèè ïðîâåðÿåò ñàì
Àëåêñåé Øèðîâ! À ìîæåò áûâøèé ðèæàíèí òîæå çàãëÿäûâàåò ê íàì íà îãîí,ê,
ñêðûâàÿñü ïîä ñêðîìíûì íèêîì? :)} {â âàðèàíòå} Nc6 ({
ß áîëüøå àíàëèçèðîâàë îñòðåéøåå} 17... a5) 18. cxd6 ({Ïîñëå} 18. Nd5 Ng7 19.
cxd6 cxd6 20. e7 Nxe7 21. Nxf6 Rxf6 22. gxf4 {ó áåëûõ - ïîëíûé ïîðÿäîê}) 18...
cxd6 19. Nd5 Nd4 $6 {Ëó÷øå áûëî ïîêà íå ñíèìàòü óäàðà ñ ïåøêè b4, êðîìå òîãî,
âåñüìà âåðîÿòíî ÷òî íà d4 ñìîã áû ïðîëåçòü äðóãîé êîíü.} ({Ïîñëå} 19... Ng7
20. e7 Nxe7 21. Nxf6 Rxf6 22. gxf4 Ne6 23. fxe5 dxe5 24. Qxd8+ Rxd8 25. Be3 Nc6
{èãðà ïðèìåðíî ðàâíà.}) 20. Bb2 Nxe6 21. g4 $1 {À çäåñü, â îòëè÷èå îò ïàðòèè
Ðàäæàáîâà ñ Âàí Âåëè, ýòî ïðîäâèæåíèå âïîëíå óìåñòíî.} Nhg7 {Îáðàòèòå âíèìàíèå
íà íåãàðìîíè÷íîå ðàñïîëîæåíèå ÷¸ðíîé êîííèöû - ×àïàåâ áûë áû âåñüìà
íåäîâîëåí!} 22. Nxf6 {Ýòîãî ñëîíà âñ¸ ðàâíî íóæíî óíè÷òîæèòü, ïîñêîëüêó
èíà÷å òðóäíî äîáðàòüñÿ äî ïåøêè d6.} ({
Êðîìå òîãî, îí åù¸ âïîëíå ìîã ðàñïðÿìèòü ñâîé õîáîò, êàê âèäíî èç âàðèàíòà} 22.
Qd2 Bh4 23. Rec1 h5 24. gxh5 Nxh5 25. Rc2 Qg5+ 26. Kh1 Bf2) 22... Rxf6 23. Qd5
{Ïîäâåä,ì èòîãè äåáþòíîé ÷àñòè: ÷¸ðíûå çàïàñëèñü ëèøíåé ïåøêîé, îäíàêî
çàïëàòèëè çà ýòî óäîâîëüñòâèå íåä,øåâî. Ñâèñòÿùèå áåëûå ïîëÿ, ïîëíûé ïðîñòîð
äëÿ îïåðàöèé ïî ëèíèÿì «ñ» è «d», îòëè÷íîå ïîëîæåíèå ôåðçÿ - âñ¸ ýòî
ãîâîðèò î òîì, ÷òî ÷¸ðíûå äîëæíû áûòü ïðåäåëüíî îñòîðîæíû ÷òîáû íå ïîïàñòü
ïîä ïîçèöèîííûé ïðåññ. Âïðî÷åì, øàíñû íà êîíòðèãðó ó íèõ îñòàþòñÿ - ýòî
ïîäðûâ h7-h5 è øóðøàíèå ôåðç,ì âîçëå ïîêîåâ áåëîãî êîðîëÿ.} Qe7 (23... Qb6 {
îòäàëÿëî ôåðçÿ îò êîðîëåâñêîãî ôëàíãà, ãäå ðàíî èëè ïîçäíî áóäåò ðåøàòüñÿ
ñóäüáà ïàðòèè.}) 24. Red1 Rd8 25. Qa5 $6 {Àëåêñåé ïðîáóåò ðàñøèðèòü âëàäåíèÿ
ñâîåãî áåëîïîëüíîãî ñëîíà, âûíóäèâ îñëàáëåíèå b7-b6, îäíàêî òàê ëè ýòî
ñóùåñòâåííî?} ({Ïî÷åìó íå íàïðàøèâàþùååñÿ} 25. Rac1 {? Ó áåëûõ âåäü
îñòàâàëàñü åäèíñòâåííàÿ íåðàáîòàþùàÿ ôèãóðà - òåïåðü æå êîìàíäà â ñáîðå è
ìîæíî ñìîòðåòü Qa5, ïåðåâîä ñëîíà íà å1 è ïðî÷èå ìàí¸âðû.}) 25... b6 $6 {
Ìàëîçàìåòíàÿ íåòî÷íîñòü.} ({Íåìåäëåííîå} 25... h5 {êàæåòñÿ, íåõîðîøî ââèäó}
26. g5 $5 {, îäíàêî âíåøíîñòü îáìàí÷èâà! Ñìîòðèì:} Nxg5 $1 27. Bxe5 Re6 $1 28.
Bb2 ({íà} 28. Bxf4 {ñëåäóåò} Nxe4 $1) 28... Rxe4 $3 29. fxe4 Qxe4+ 30. Kf2 Nh3+
31. Ke1 Re8 32. Qb5 f3 {, è âûèãðûâàþò}) ({Çíà÷èò, ïîñëå} 25... h5 $1 {
, ïðèõîäèòñÿ áèòü íà h5} 26. gxh5 ({î÷åíü îïàñíî îñëàáëåíèå ïîëÿ g3 ïóò¸ì} 26.
h3) 26... b6 27. Qd5 gxh5 {. Çäåñü, ïîõîæå, ó ÷¸ðíûõ âñ¸ â ïîðÿäêå.}) 26. Qd5
Rff8 ({âñ¸ äåëî â òîì, ÷òî òåïåðü ïîñëå} 26... h5 27. g5 Nxg5 28. Bxe5 Re6 29.
Bd4 {óæå íåò óäàðà íà å4 - ôåðçü âñ¸ äåðæèò.}) 27. Rac1 $6 {Åñòåñòâåííûé ñ
âèäó õîä, íî â òî æå âðåìÿ íåòî÷íîñòü, ïîçâîëÿþùàÿ ÷¸ðíûì íà÷àòü
ñòðåìèòåëüíîå íàñòóïëåíèå íà êîðîëÿ.} ({
Àòàêó ìîæíî áûëî ïîãàñèòü â çàðîäûøå ïóò¸ì} 27. Bc3 $1 {
, ãîòîâÿñü âñòðåòèòü íàçðåâàþùèé ïîäðûâ h5 ïóò¸ì h3, ÷òîáû íà Qh4 èìåòü Be1!}
h5 28. h3) 27... h5 {
Ñ ïîòåðåé òåìïà ÷¸ðíûå âñ¸-òàêè ïðîâîäÿò h7-h5, îäíàêî ýôôåêò óæå íå òîò.} 28.
gxh5 Qh4 $1 {Ïàðòèÿ âõîäèò â ðåøàþùóþ ñòàäèþ!} ({Áóêâàëüíî ÷óòî÷êó íå
õâàòàåò, ÷¸ðíûì ÷òîáû îðãàíèçîâàòü êîíòðèãðó â âàðèàíòå} 28... Nxh5 29. Rc6
Qg5+ 30. Kf1 (30. Kh1 $4 Ng3+ $1 31. hxg3 fxg3 $19) 30... Qh4 31. Qxe6 Qxh2 32.
Ke1 Qg1+ (32... Ng3 33. Qc4) 33. Kd2 Qe3+ 34. Kc2 Qxe2+ 35. Rd2 {
, è áåëûå ïîáåæäàþò.}) (28... gxh5) 29. Rc6 $5 {Êàçàëîñü áû, áåëûå íàíîñÿò
ñâîé óäàð ïåðâûìè, íî íå áóäåì çàáûâàòü ÷òî «ïðèç» ÷¸ðíûõ ñòîèò äîðîæå!} ({
Âîçìîæíî, ñèëüíåå} 29. h6 $5 Qxh6 30. Rg1 $1 {
, ñòðåìÿñü, â ïåðâóþ, î÷åðåäü ïîãàñèòü êîíòðèãðó ñîïåðíèêà.}) 29... g5 $1 {
Êðèòè÷åñêèé ìîìåíò ïàðòèè. Òåïåðü ïåðåä áåëûìè âñòàþò ñåðü¸çíûå ïðîáëåìû.} ({
Íà} 29... Ng5 {âîçìîæíî êàê ñêðîìíîå 30.Rf1} 30. Rf1 ({òàê è àêòèâíîå} 30. h6
Qxh6 31. h4 Nf7 32. Rc7 Kg8 33. Rxf7 Rxf7 34. Bc4 Rdd7 35. Qa8+ Kh7 36. Bxf7
Rxf7 37. Qd8 {è ò.ä.})) 30. Rxd6 {Ïîõîæå, ÷òî èìåííî ýòîò åñòåñòâåííûé õîä,
ðåøàþùàÿ îøèáêà áåëûõ! Òîëüêî âîïðîñèòåëüíûå çíàêè ñòàâèòü ÿ òóò íå áóäó.
Ìàëî ëè ÷òî... :)} ({Êàæåòñÿ, ÷òî âñ¸ åù¸ ñîõðàíÿëî ïåðåâåñ òàêîå âîò
íåòðèâèàëüíîå ìàíåâðèðîâàíèå íà îãðàíè÷åííîì ïðîñòðàíñòâå:} 30. Kh1 $5 g4 31.
Rg1 g3 32. Rg2 Qxh5 33. Kg1 {, è âñ¸ ãîòîâî äëÿ îáèëüíîé æàòâû ÷¸ðíûõ ïåøåê!
Çàäà÷à áåëûõ áûëà, êîíå÷íî, íåïðîñòà, îäíàêî äëÿ øàõìàòèñòà êëàññà Øèðîâà -
ðåøàåìà!} {(} Ng5 34. Rxd6 Nxf3+ 35. Kh1 $1 {)}) 30... g4 31. Rxe6 {Òåïåðü áåëû
å ïðîèãðûâàþò ïîñëå äëèííîãî ôîðñèðîâàííîãî âàðèàíòà ñî ìíîæåñòâîì
«ñïåöýôôåêòîâ».} ({
Íî âðîäå áû íå ñïàñàëè óæå è äðóãèå ïðîäîëæåíèÿ.  Íàïðèìåð,} 31. h6 $2 Qh3+ $1
32. Kf2 (32. Kg1 g3 $1) 32... Qxh6 33. Bxe5 Qxh2+ 34. Ke1 Rxd6 35. Bxd6 Qg1+
36. Kd2 Qe3+) ({Ïîñëå} 31. Qxe5 {ïîëó÷àëàñü êðàñèâåéøàÿ íè÷üÿ:} Qh3+ 32. Kg1
{, íî òîëüêî ïîñëå îøèáî÷íîãî} g3 {#} ({ïðèíîñèò ïîáåäó ñâîåâðåìåííûé ðàçìåí} 
32... Rxd6 $1 33. Qxd6 (33. Rxd6) 33... g3) 33. Qxg7+ $3 Nxg7 34. Rh6+ Kg8 35.
Bc4+ Ne6 36. Rh8+ Kf7 37. Rh7+ Kg8 (37... Ke8 $4 38. Bb5+) 38. Rh8+ $11) ({Èëè
} 31. Bxe5 Qh3+ 32. Kf2 (32. Kg1 g3 $1 {è ò.ä.}) 32... Qxh2+ 33. Ke1 {
È îïÿòü ïîñëå òî÷íîãî} Rxd6 $1 34. Bxd6 Qg1+ 35. Kd2 Qe3+ 36. Kc2 Qxe2+ 37.
Rd2 Rc8+ {ó ÷¸ðíûõ ëèøíÿÿ ôèãóðà.}) 31... Rxd5 32. Rh6+ Kg8 33. Bc4 gxf3+ 34.
Kh1 Nxh5 ({Áûñòðåå (è êðàñèâåå!) âûèãðûâàëî êîìïüþòåðíîå} 34... Qh3 35. Bxd5+
Rf7 36. Rg6 f2 37. Rg2 Qd3 $3 {
Âïðî÷åì, â öåéòíîòå íèêòî òàêèå âåùè ñ÷èòàòü íå áóäåò. Èáî íåçà÷åì.}) 35.
Rg1+ Ng3+ $3 {Îäíèì õîäîì «âðàãó» îòäà,òñÿ öåëûé ñêëàä ÷¸ðíûõ ôèãóð!} 36.
Rxg3+ fxg3 37. Rxh4 g2+ 38. Kg1 f2+ 39. Kxg2 f1=Q+ 40. Bxf1 Rd2+ {
Ýêâèëèáðèñòèêà! Êàçàëîñü áû, áåçíàä,æíî ñâÿçàííàÿ, ëàäüÿ îñòàëàñü æèâà!} 41.
Kg3 Rxb2 {Êðàñèâûé «ôîðñàæ» çàêîí÷èëñÿ. Ñêîðî çàêîí÷èòñÿ è ïàðòèÿ.} 42.
Bc4+ Kg7 43. Bb3 Rb1 44. Kg2 Rc8 45. Kf3 Rc3+ 46. Kg4 Rf1 47. Kh5 Kf6 {
È áåëàÿ ëàäüÿ òàê èëè èíà÷å ëîâèòñÿ íà ðàçìåí, ïîýòîìó} 0-1